| 000 | 00618nam a2200205 i 4500 | ||
|---|---|---|---|
| 001 | 82419 | ||
| 003 | ES-MaACL | ||
| 005 | 20230906174653.0 | ||
| 007 | t| | ||
| 008 | 041110s1951 sp ||||1| spa d | ||
| 100 | 1 |
_aIgual Ubeda, Antonio. _965156 |
|
| 245 | 1 | 0 |
_aVida de Alfonso el Magnánimo / _cpor Antonio Igual Ubeda. |
| 260 |
_aBarcelona : _bSeix Barral, _c1951. |
||
| 300 |
_a143 p., 9 lám. ; _c19 cm. |
||
| 490 | 1 | _aVidas de grandes hombres | |
| 600 | 1 | 4 |
_aAlfonso _bV _cRey de Aragón. _9161566 |
| 830 | 0 |
_aVidas de grandes hombres _9183755 |
|
| 852 |
_aES-MaACL _jD-7944 _bR.32049 |
||
| 999 |
_c82419 _d82419 |
||